Wymień najbardziej chrześcijańskie państwa. - Statystyki

Ogólne statystyki
  • Ten quiz został rozwiązany 76 razy
  • Średni wynik to 7 z 10
Statystyki odpowiedzi
Liczba Państwo % Poprawnych
33 mln Polska
97%
126,9 mln Brazylia
85%
50,4 mln Włochy
82%
71 mln USA
80%
44 mln Francja
76%
32,4 mln Hiszpania
75%
99 mln Meksyk
68%
85,4 mln Filipiny
46%
36 mln Kolumbia
38%
28,7 mln Demokratyczna republika konga
23%
Nie znaleziono quizów pasujących do podanych kryteriów
Rozkład punktacji
Procent ludzi z każdym wynikiem
Percentyl według liczby udzielonych odpowiedzi
Twoja historia wyników
Nie rozwiązałeś tego quizu